Six Letter Geography - F - Statistics

General Stats
  • This quiz has been taken 53 times
  • The average score is 5 of 10
Answer Stats
Hint Answer % Correct
Country that owns (Guiana) in South America France
100%
Dense clustering of trees in an area Forest
96%
Turn water into ice using low temperatures Freeze
86%
Ancient bones left behind by an animal Fossil
84%
City somewhere in Central California Fresno
78%
Major river in Canada with 854.4 miles Fraser
22%
One of the provinces of China on the coast Fujian
14%
City often called the granary of Italy Foggia
8%
There kinds of boundaries - Fuctional, visual... Formal
4%
City Winston Churchill's Iron Curtain speech Fulton
0%
No matching quizzes found
Score Distribution
Percent of People with Each Score
Percentile by Number Answered
Your Score History
You have not taken this quiz